[Event "Gelendzhik Rapid op"]
[Site "Gelendzhik"]
[Date "2023.05.27"]
[Round "1"]
[White "Kryakvin, Dmitry"]
[Black "Moshkov, Aleksandr"]
[Result "1-0"]
[WhiteElo "2471"]
[BlackElo "1371"]
[PlyCount "125"]
[EventDate "2023.05.27"]
[EventType "swiss (rapid)"]
[EventRounds "11"]
[EventCountry "RUS"]
[SourceTitle "CBM 214 Extra"]
[Source "ChessBase"]
[SourceDate "2023.07.31"]
[SourceVersion "1"]
[SourceVersionDate "2023.07.31"]
[SourceQuality "1"]

1. c4 c5 2. g3 Nf6 3. Bg2 d5 4. cxd5 Nxd5 5. Nc3 Nc7 6. d3 e5 7. Be3 Be7 8. Rc1 0-0 9. Qd2 Nba6 10. Nf3 f6 11. Ne4 b6 12. 0-0 Be6 13. a3 Nd5 14. Nc3 Nac7 15. Qc2 Qd7 16. Nd2 Rac8 17. Nc4 b5 18. Na5 Nxe3 19. fxe3 Nd5 20. Nxd5 Bxd5 21. Bxd5+ Qxd5 22. Rfd1 Bd8 23. Qb3 Qxb3 24. Nxb3 Bb6 25. Nd2 Rfd8 26. Kf2 f5 27. Kf3 Kf7 28. e4 g6 29. g4 fxg4+ 30. Kxg4 Ke6 31. Nf3 Rf8 32. Kg3 Bd8 33. Rc2 Be7 34. Rdc1 Rcd8 35. Rxc5 Bxc5 36. Rxc5 a6 37. Rxe5+ Kd6 38. Rg5 Rc8 39. Rd5+ Ke7 40. a4 bxa4 41. Ra5 Rc2 42. Nd4 Rxb2 43. Rxa6 Rb1 44. e5 Rg1+ 45. Kh3 Rf4 46. Ra7+ Ke8 47. Ra8+ Ke7 48. Ra7+ Ke8 49. Nf3 Rgg4 50. e3 Rxf3+ 51. Kxg4 Rxe3 52. d4 Re4+ 53. Kg5 Rxd4 54. Kf6 Rf4+ 55. Ke6 Kf8 56. Rxh7 a3 57. Ra7 Rf3 58. h4 Kg8 59. Kd6 Rd3+ 60. Ke7 Re3 61. Kf6 Re4 62. e6 Rxh4 63. e7 1-0